| 000 | 00773cam a22002537a 4500 | ||
|---|---|---|---|
| 003 | CHAP | ||
| 005 | 20220329140307.0 | ||
| 008 | 971013s r 00010 d | ||
| 010 | _a49887 | ||
| 011 | _a50859 | ||
| 035 | _a55009 | ||
| 040 | _cCHAP | ||
| 090 | _aR-2330 | ||
| 100 | 0 | 0 |
_aFelger, Richard. _939992 |
| 245 | 0 | _aEelgrass (Zostera marina L,) in the Gulf of California : discovery of its nutritional valve by the seri indians | |
| 500 | _aSobretiro de: Science 181 : 355-356, 1973 | ||
| 590 |
_aBATCH-UPD _b10 _c20130110 _lUCH01 _h0622 |
||
| 590 |
_aCONVERSION _b10 _c20130109 _lUCH01 _h1327 |
||
| 650 | 1 | 4 |
_aZostera marina. _9124213 |
| 700 | 0 |
_aMoser, Mary Beck. _979005 |
|
| 901 | _aBK | ||
| 942 | _cREIMP | ||
| 949 |
_aR-2330 _bBC _cR _d-121006 _eTS1 _i55009 _si |
||
| 999 |
_c49887 _d49887 |
||